00624 2200241 4500001002100000005001500021035002500036008004100061020001800102041000800120082001000128090001000138100001400148245006800162250001600230260004000246300003200286650002100318084001600339990000900355990000900364990000900373INLIS00000000000517920230130024909 a0010-051300000005179230130 0 ind  a979-692-305-x aind a372.6 a372.6 aRatnasih,1 aTangkas Berbahasa Indonesia SD Kelas 4 / editor, Nukman, Hanafi aCetakan : 1 aBandung :bRemaja Rosdakarya,c2004 av, 131 hlm. : ilus. ;25 cm. 4aPendidikan Dasar a372.6 RAT t a5661 a5663 a5662